000 00434nam a2200169Ia 4500
999 _c29968
_d29968
003 OSt
005 20250523111446.0
008 250310s9999||||xx |||||||||||||| ||und||
040 _c.
082 _a823.912
_bG5788
100 _95879
_aGodden, Rumer
245 0 _aThe greengage summer /
_cRumer Godden
260 _aLondon :
_bThe reprint society ltd,
_c1958.
300 _a222 p.
650 0 _92474
_aEnglish fiction
942 _cBK
_2ddc